The emergence of everything: how the world became complex (Record no. 6854)

000 -LEADER
fixed length control field 00727 a2200253 4500
020 ## - INTERNATIONAL STANDARD BOOK NUMBER
International Standard Book Number 0-19-513513
020 ## - INTERNATIONAL STANDARD BOOK NUMBER
International Standard Book Number 0-19-517331-7
035 ## - SYSTEM CONTROL NUMBER
System control number (Uk)019513513x
035 ## - SYSTEM CONTROL NUMBER
System control number (Mo)b1523258
040 ## - CATALOGING SOURCE
Original cataloging agency DLC
Language of cataloging DLC
082 04 - DEWEY DECIMAL CLASSIFICATION NUMBER
Classification number 116
082 04 - DEWEY DECIMAL CLASSIFICATION NUMBER
Classification number a116
100 1# - MAIN ENTRY--PERSONAL NAME
Personal name Morowitz, Harold J.
245 14 - TITLE STATEMENT
Title The emergence of everything: how the world became complex
Remainder of title how the world became complex
Statement of responsibility, etc. Harold J. Morowitz.
260 ## - PUBLICATION, DISTRIBUTION, ETC.
Place of publication, distribution, etc. Oxford ;
-- New York :
Name of publisher, distributor, etc. Oxford University Press,
Date of publication, distribution, etc. 2002.
300 ## - PHYSICAL DESCRIPTION
Extent viii, 209 p. :
Other physical details ill. ;
Dimensions 24 cm.
650 #7 - SUBJECT ADDED ENTRY--TOPICAL TERM
Topical term or geographic name entry element Evolutionism
650 #7 - SUBJECT ADDED ENTRY--TOPICAL TERM
Topical term or geographic name entry element Evolution.
650 #7 - SUBJECT ADDED ENTRY--TOPICAL TERM
Topical term or geographic name entry element Complexity (Philosophy)
650 #7 - SUBJECT ADDED ENTRY--TOPICAL TERM
Topical term or geographic name entry element Science
General subdivision Philosophy.
650 #7 - SUBJECT ADDED ENTRY--TOPICAL TERM
Topical term or geographic name entry element Evolution
655 #4 - INDEX TERM--GENRE/FORM
Genre/form data or focus term Bok
942 ## - ADDED ENTRY ELEMENTS (KOHA)
Koha item type Book
Call number prefix 116 MOR
Source of classification or shelving scheme
Holdings
Withdrawn status Lost status Damaged status Not for loan Collection code Permanent Location Current Location Shelving location Date acquired Source of acquisition Cost, normal purchase price Total Checkouts Full call number Barcode Date last seen Date last checked out Price effective from Koha item type
          Central Library (CL) Central Library (CL) General Stacks 03/24/2005 Progressive International Agencies 957.59 3 116 MOR SEECS005454 09/23/2023 10/01/2020 01/05/2017 Book
© 2023 Central Library, National University of Sciences and Technology. All Rights Reserved.